00339nam a2200133Ia 4500008004100000020001800041041001200059100001700071245005200088260003200140300000800172650001000180700001500190221030s9999 xx 000 0 und d a9788170088530 aEnglish aB. C. Punmia 0aSurveying : Vol. Icby B. C. Punmia, A. K. Jain bLaxmi Pub.aNew Delhic2018 a520 aCivil aA. K. Jain